| Tag |
First Indicator |
Second Indicator |
Subfields |
| LEADER |
00000cam a2200000 a 4500 |
| 001 |
in00000639921 |
| 005 |
20151015054407.0 |
| 008 |
800213s1979 ne a b 00110 engm |
| 010 |
|
|
|a 80450004
|
| 015 |
|
|
|a Ne***
|
| 020 |
|
|
|a 9061935938
|
| 035 |
|
|
|a (OCoLC)05529118
|
| 035 |
|
|
|9 ACU8238AM
|
| 040 |
|
|
|a DLC
|c DLC
|d m.c.
|d TXA
|d UtOrBLW
|
| 041 |
0 |
|
|a eng
|b dut
|
| 043 |
|
|
|a a-iq---
|
| 049 |
|
|
|a TXAM [Also in] [Sp Coll]
|c 1 [1421426]
|a TXAS
|c 2 [1701723]
|
| 050 |
0 |
0 |
|a SF85.4.I72
|b T45
|
| 082 |
0 |
|
|a 633.2/02/09567
|
| 100 |
1 |
|
|a Thalen, D. C. P.
|
| 245 |
1 |
0 |
|a Ecology and utilization of desert shrub rangelands in Iraq /
|c by D.C.P. Thalen.
|
| 264 |
|
1 |
|a The Hague :
|b W. Junk,
|c 1979.
|
| 300 |
|
|
|a viii, 448 pages :
|b illustrations ;
|c 25 cm.
|
| 336 |
|
|
|a text
|b txt
|2 rdacontent
|
| 337 |
|
|
|a unmediated
|b n
|2 rdamedia
|
| 338 |
|
|
|a volume
|b nc
|2 rdacarrier
|
| 500 |
|
|
|a Spine title: Desert shrub rangelands in Iraq.
|
| 500 |
|
|
|a Summary in Dutch.
|
| 500 |
|
|
|a Includes indexes.
|
| 504 |
|
|
|a Bibliography: pages 411-428.
|
| 650 |
|
0 |
|a Range management
|z Iraq.
|
| 650 |
|
0 |
|a Rangelands
|z Iraq.
|
| 650 |
|
0 |
|a Desert ecology
|z Iraq.
|
| 650 |
|
0 |
|a Range plants
|z Iraq.
|
| 740 |
0 |
|
|a Desert shrub rangelands in Iraq.
|
| 999 |
|
|
|a MARS
|
| 999 |
f |
f |
|s 3399adc4-9092-3390-afb2-db38771a4c37
|i 5ccf41ab-8d37-3f40-937e-175415e9711b
|t 0
|
| 952 |
f |
f |
|p noncirc
|a Texas A&M University
|b College Station
|c Cushing Memorial Library & Archives
|d Cushing: Dykes (Does not check out)
|t 0
|e SF85.4.I72 T45
|h Library of Congress classification
|i unmediated -- volume
|m A14851921685
|
| 952 |
f |
f |
|p ric
|a Texas A&M University
|b Rellis Campus
|c Joint Library Facility
|d Remote Storage
|t 0
|e SF85.4.I72 T45
|h Library of Congress classification
|i unmediated -- volume
|m A14805230623
|
| 998 |
f |
f |
|a SF85.4.I72 T45
|t 0
|l Remote Storage
|
| 998 |
f |
f |
|a SF85.4.I72 T45
|t 0
|l Cushing: Dykes (Does not check out)
|